000 00939nam a2200289 i 4500
001 000011124
003 DO-SdBNP
005 20251117091645.0
007 ta
008 091014s1982 dr a 000 p spa d
040 _aDO-SdBNP
_bspa
_cBNPHU
_erda
041 _aspa
082 4 _aRD861.44
_bE77u
_222
100 1 _aEspinal, Cayo Claudio,
_d1955-
_eautor
_917906
_4aut.
245 1 0 _aUtopía de los vínculos /
_cCayo Claudio Espinal.
264 _aSanto Domingo, República Dominicana :
_bEdiciones Taller,
_c1982.
300 _a[38 páginas] :
_bilustraciones ;
_c29 cm.
336 _atexto
_btxt
_2rdacontent
337 _asin mediación
_bn
_2rdamedia
338 _avolumen
_bnc
_2rdacarrier
500 _aIncluye datos biográficos del autor
590 _aInventariado, 2018/MFF
650 0 _aPoesía dominicana
_966
650 0 _aLiteratura dominicana.
_967
910 _aValidado. Control de calidad EMS
942 _2ddc
_cLBS1
999 _c10849
_d10849